| 000 | 01122cam a2200265Ia 4500 | ||
|---|---|---|---|
| 005 | 20140904084937.0 | ||
| 008 | 140606s2011 enkad frb 001 0 eng d | ||
| 020 | _a9780199596515 | ||
| 040 |
_aCO-BoUCM _cJose A. Gerena _dJose A. Gerena _bspa |
||
| 041 | 0 | _aeng | |
| 245 | 0 | 0 |
_aEntrepreneurship, innovation, and economic development _ceditado por Adam Szirmai, Wim Naudé, Micheline Goedhuys |
| 260 |
_aOxford (Oxfordshire, Inglaterra) _bOxford University press _c2011 |
||
| 300 |
_axix, 302 páginas _bilustraciones, cuadros, gráficas |
||
| 490 | 1 | _aUNU-WIDER studies in development economics | |
| 504 | _aIncluye referencias bibliográficas e índices | ||
| 650 | 7 |
_aInnovaciones tecnológicas _xAspectos económicos _945069 |
|
| 650 | 7 |
_aDesarrollo económico _912956 |
|
| 650 | 7 |
_aEmprendimiento empresarial _xAspectos económicos _953976 |
|
| 690 |
_942795 _aEconomía |
||
| 700 | 1 |
_aSzirmai, Adam _eeditor _962272 |
|
| 700 | 1 |
_aNaudé, Wim A. _eeditor _962273 |
|
| 700 | 1 |
_aGoedhuys, Micheline _eeditor _962274 |
|
| 942 |
_a7 _cLIBROREF _e1 _kR _mE612i _2DEWEY _h338.064 |
||
| 999 |
_c242870 _d242870 |
||